JetPunk Country Type-ins: Complete List - Statistics

General Stats
  • This quiz has been taken 83 times
  • The average score is 24 of 363
Answer Stats
ANSWER % Correct
antigua
63%
afganistan
52%
congo
52%
car
45%
drc
45%
usa
43%
barbuda
42%
ivory coast
42%
uk
40%
micronesia
36%
andora
34%
bosnia
34%
saotome
34%
uae
34%
butan
33%
stvincent
33%
brasil
31%
myanmar
31%
stkitts
31%
stlucia
30%
png
28%
vatican
28%
kaz_stan
27%
trinidad
27%
gana
25%
barain
22%
holland
22%
kyrg_stan
22%
saintkitts
22%
saintvincent
22%
timorleste
22%
caboverde
21%
djibuti
21%
moroco
19%
philipines
19%
azerba[aie]+jan
18%
america
16%
columbia
16%
greatbritain
16%
m[aou]+ritania
16%
saintlucia
16%
thegambia
16%
granada
15%
m[aou]+ritius
15%
phillipines
15%
phillippines
15%
taj_stan
15%
thebahamas
15%
isreal
13%
senagal
13%
azerba[aie]+djan
12%
britain
12%
brunai
12%
eritria
12%
kirg_stan
12%
morroco
12%
thenetherlands
12%
eretrea
10%
monoco
10%
philippines
10%
prc
10%
ruanda
10%
seycheles
10%
thecomoros
10%
austrailia
9%
bahrain
9%
bangledesh
9%
belerus
9%
fyrom
9%
gahna
9%
holysee
9%
morrocco
9%
newguinea
9%
newzeeland
9%
sieraleone
9%
somoa
9%
themaldives
9%
urugay
9%
afghanestan
7%
argintina
7%
barundi
7%
belguim
7%
berundi
7%
buhtan
7%
camaroon
7%
comaros
7%
commoros
7%
eratrea
7%
guineabissau
7%
hondures
7%
honduros
7%
m[aou]+retania
7%
m[aou]+ritus
7%
nuaru
7%
paragay
7%
senigal
7%
singepore
7%
solamonislands
7%
theczechrepublic
7%
themarshallislands
7%
thephilippines
7%
thesolomonislands
7%
afghanastan
6%
algerea
6%
argantina
6%
australea
6%
belirus
6%
birundi
6%
comeros
6%
djabouti
6%
eratria
6%
gautemala
6%
gayana
6%
giunea
6%
guineabisau
6%
honduris
6%
hondurus
6%
jorden
6%
moneco
6%
montanegro
6%
niceragua
6%
pakestan
6%
papanewguinea
6%
papaunewguinea
6%
solomanislands
6%
thedominicanrepublic
6%
the ivory coast
6%
thevatican
6%
vanatu
6%
afgenistan
4%
azerba[aie]+dzan
4%
banglidesh
4%
bhuhtan
4%
camiroon
4%
comiros
4%
djibuoti
4%
ecaudor
4%
elsalvidor
4%
equatorealguinea
4%
eretria
4%
giuneabissau
4%
jamiaca
4%
kirabati
4%
lasotho
4%
monico
4%
pakastan
4%
pareguay
4%
singipore
4%
somolia
4%
southernsudan
4%
suraname
4%
thecentralafricanrepublic
4%
theuk
4%
theunitedkingdom
4%
theunitedstates
4%
theusa
4%
tuvulu
4%
uzbekastan
4%
vanutu
4%
venazuela
4%
venizuela
4%
afginistan
3%
azerba[aie]+zan
3%
barboda
3%
djabuti
3%
dominaca
3%
domineca
3%
elsalvedor
3%
equatorialgiunea
3%
equetorialguinea
3%
equitorialguinea
3%
erritrea
3%
grinada
3%
kirebati
3%
lebinon
3%
manoco
3%
m[aou]+ratania
3%
m[aou]+ritis
3%
m[aou]+ritos
3%
m[aou]+rotania
3%
montinegro
3%
paraguy
3%
singopore
3%
solamanislands
3%
solomenislands
3%
surename
3%
thecomaros
3%
thecomeros
3%
thecomiros
3%
thephilipines
3%
theukraine
3%
tiawan
3%
tunesia
3%
unitedarabemarates
3%
unitedarabemerates
3%
uraguay
3%
uruguy
3%
adzerba[aie]+jan
1%
ajerba[aie]+zan
1%
bhahrain
1%
camoroon
1%
commaros
1%
cotedeiviore
1%
cotedeivoire
1%
cotediviore
1%
djabuoti
1%
djebuti
1%
dominacanrepublic
1%
dominecanrepublic
1%
equatorealgiunea
1%
equetorealguinea
1%
equitorealguinea
1%
gautamala
1%
ghahna
1%
giuneabessau
1%
giuneabisau
1%
guatimala
1%
guineabassau
1%
guineabesau
1%
guineabessau
1%
hungery
1%
khaz_stan
1%
lebanon
1%
losotho
1%
luxembeurg
1%
manaco
1%
maneco
1%
manico
1%
m[aou]+ritios
1%
m[aou]+rituis
1%
papaunewgiunea
1%
papunewguinea
1%
paragauy
1%
paregay
1%
parigay
1%
pariguay
1%
philapines
1%
philappines
1%
philepines
1%
phileppines
1%
phillapines
1%
phillappines
1%
phillepines
1%
philleppines
1%
solamenislands
1%
solemanislands
1%
solemenislands
1%
solemonislands
1%
thephillipines
1%
theunitedarabemirates
1%
turkmenestan
1%
urugauy
1%
uzbecistan
1%
uzbeckistan
1%
uzbekestan
1%
venezeula
1%
adjerba[aie]+djan
0%
adjerba[aie]+dzan
0%
adjerba[aie]+jan
0%
adjerba[aie]+zan
0%
adzerba[aie]+djan
0%
adzerba[aie]+dzan
0%
adzerba[aie]+zan
0%
ajerba[aie]+djan
0%
ajerba[aie]+dzan
0%
ajerba[aie]+jan
0%
austrailea
0%
barbouda
0%
barbuoda
0%
commeros
0%
commiros
0%
djebuoti
0%
djiebouti
0%
equetorealgiunea
0%
equetorialgiunea
0%
equitorealgiunea
0%
equitorialgiunea
0%
erratrea
0%
erratria
0%
erretrea
0%
erretria
0%
erritria
0%
gautimala
0%
giuneabasau
0%
giuneabassau
0%
giuneabesau
0%
guateamala
0%
guineabasau
0%
le[cht]+enstinein
0%
le[cht]+enstinien
0%
lei[cht]+enstinein
0%
lei[cht]+enstinien
0%
li[cht]+enstinein
0%
li[cht]+enstinien
0%
lie[cht]+enstinein
0%
lie[cht]+enstinien
0%
luxembeorg
0%
luxemboerg
0%
luxembuerg
0%
luxembuorg
0%
m[aou]+ritois
0%
m[aou]+ritous
0%
m[aou]+rituos
0%
newgiunea
0%
nicirague
0%
papanewgiunea
0%
papuanewgiunea
0%
papunewgiunea
0%
paregauy
0%
pareguy
0%
parigauy
0%
pariguy
0%
solimanislands
0%
solimenislands
0%
solimonislands
0%
thecommaros
0%
thecommeros
0%
thecommiros
0%
thecommoros
0%
thedominacanrepublic
0%
thedominecanrepublic
0%
theholysee
0%
thehonduras
0%
thehondures
0%
thehonduris
0%
thehonduros
0%
thehondurus
0%
thephilapines
0%
thephilappines
0%
thephilepines
0%
thephileppines
0%
thephillapines
0%
thephillappines
0%
thephillepines
0%
thephilleppines
0%
thephillippines
0%
thesolamanislands
0%
thesolamenislands
0%
thesolamonislands
0%
thesolemanislands
0%
thesolemenislands
0%
thesolemonislands
0%
thesolimanislands
0%
thesolimenislands
0%
thesolimonislands
0%
thesolomanislands
0%
thesolomenislands
0%
theunitedarabemarates
0%
theunitedarabemerates
0%
trinadad
0%
trinedad
0%
turkmenastan
0%
uragauy
0%
uragay
0%
uraguy
0%
uzbecastan
0%
uzbecestan
0%
uzbeckastan
0%
uzbeckestan
0%
venazeula
0%
venizeula
0%
No matching quizzes found
Score Distribution
Percent of People with Each Score
Percentile by Number Answered
Your Score History
You have not taken this quiz